书目信息 |
| 题名: |
37°2
|
|
| 作者: | 迪昂, 著 ;胥弋 译 | |
| 分册: | ||
| 出版信息: | 哈尔滨 哈尔滨出版社 2004.09 |
|
| 页数: | 310页 | |
| 开本: | 21cm | |
| 丛书名: | 爱藏经典 | |
| 单 册: | ||
| 中图分类: | I565.45 | |
| 科图分类: | ||
| 主题词: | 长篇小说--chang pian xiao shuo--法国--现代 | |
| 电子资源: | ||
| ISBN: | 7-80699-314-2 | |
| 000 | 01043nam 2200277 450 | |
| 001 | 012008635562 | |
| 005 | 20080422160443.25 | |
| 010 | @a7-80699-314-2@dCNY19.80 | |
| 100 | @a20080422d2004 km y0chiy0120 ea | |
| 101 | 1 | @achi@cfre |
| 102 | @aCN@b230000 | |
| 105 | @aa z 000ay | |
| 106 | @ar | |
| 200 | 1 | @a37°2@d= Le matin@f(法) 菲利普·迪昂著@F(fa)fei li pu·di ang zhu@g胥弋译@Gxu yi yi@zfre |
| 210 | @a哈尔滨@c哈尔滨出版社@d2004.09 | |
| 215 | @a310页@c图@d21cm | |
| 225 | 2 | @a爱藏经典@Aai cang jing dian |
| 330 | @a一反温情脉脉的浪漫爱情故事,本书颠覆性地以异于常情的方式重新定义了浪漫以及坚贞不渝的爱情。女主人公贝蒂,在她的身上凝聚着非常态的性格:疯狂而且歇斯底里,蔑视一切文明礼仪和道德规范,恣情妄为,我行我素 | |
| 410 | 0 | @12001 @a爱藏经典 |
| 510 | 1 | @aLe matin@zfre |
| 606 | 0 | @a长篇小说@Achang pian xiao shuo@y法国@z现代 |
| 690 | @aI565.45@v4 | |
| 701 | 1 | @a迪昂,@Adi ang,@bP.@g(Djian, Philippe),@f1949-@4著 |
| 702 | 0 | @a胥弋@Axu yi@4译 |
| 801 | 0 | @aCN@bQSSK@c20080422 |
| 905 | @b20700644-46@dI565.45@eD371@f3 | |
| 37°2= Le matin/(法) 菲利普·迪昂著/胥弋译.-哈尔滨:哈尔滨出版社,2004.09 |
| 310页:图;21cm.-(爱藏经典) |
| ISBN 7-80699-314-2:CNY19.80 |
| 一反温情脉脉的浪漫爱情故事,本书颠覆性地以异于常情的方式重新定义了浪漫以及坚贞不渝的爱情。女主人公贝蒂,在她的身上凝聚着非常态的性格:疯狂而且歇斯底里,蔑视一切文明礼仪和道德规范,恣情妄为,我行我素 |
| ● |
| 相关链接 |
|
|
|
正题名:37°2
索取号:I565.45/D371
 
预约/预借
| 序号 | 登录号 | 条形码 | 馆藏地/架位号 | 状态 | 备注 |
| 1 | 700644 | 207006443 | 社科二线400B/400B社科库 5排2列6层/ [索取号:I565.45/D371] | 在馆 | |
| 2 | 700645 | 207006452 | 文学库116/116文学库 24排1列6层/ [索取号:I565.45/D371] | 在馆 | |
| 3 | 700646 | 207006461 | 文学库116/116文学库 24排1列6层/ [索取号:I565.45/D371] | 在馆 |